Nuestra acción pastoral

Gorde:
Xehetasun bibliografikoak
Egile nagusia: Tágle Covarrubías, Emilio (Egilea)
Formatua: Liburua
Hizkuntza:gaztelania
Argitaratua: Santiago Cuaresma 1962
Gaiak:
Etiketak: Etiketa erantsi
Etiketarik gabe, Izan zaitez lehena erregistro honi etiketa jartzen!

MARC

LEADER 00000nam a2200000 a 4500
001 UCR2241
003 CL-VaPUC
008 980109e19620000CL |||||||||||||||||spa|d
082 0 4 |a 262.91  |b TAG  |2 21 
100 0 |a Tágle Covarrubías, Emilio  |e author  |9 307934 
245 1 0 |a Nuestra acción pastoral 
300 |a 50 p 
942 |c BK 
945 |d 19980109 00:00:00  |a rleighto 
260 |a Santiago  |b Cuaresma  |c 1962 
650 7 |a EVANGELIZACION  |2 CL-VaPUC  |9 400070 
650 0 |a Catequesis  |9 314526 
650 0 |a Sacramentos   |9 257270 
650 7 |a LITURGIA  |2 CL-VaPUC  |9 400071 
650 0 |a Apóstoles   |9 444286 
650 0 |a Laicos  |9 255625 
650 0 |a Sacerdotes   |9 315705 
650 0 |a Acción social  |9 307836 
650 0 |a Iglesia   |9 255004 
650 7 |a DIOCESIS  |2 CL-VaPUC  |9 399338 
583 |a last modification  |c 19980109 00:00:00  |k Rodrigo Vera 
999 |c 265498  |d 265496 
952 |0 0  |1 0  |4 0  |6 262_910000000000000_TAG_1962  |7 0  |8 A  |9 296443  |a BIBTEO  |b BIBTEO  |d 2019-11-20  |i 3372944  |o 262.91 TAG 1962  |p 3372944  |r 2025-01-17  |w 2019-11-20  |y BK  |k ICR 
952 |0 0  |1 0  |4 0  |6 262_910000000000000_TAG_1962  |7 0  |8 A  |9 296444  |a BIBTEO  |b BIBTEO  |d 2019-11-20  |i 3384454  |l 1  |o 262.91 TAG 1962  |p 3384454  |r 2025-01-17  |s 2023-08-25  |w 2019-11-20  |y BK  |k ICR 
952 |0 0  |1 0  |4 0  |6 262_910000000000000_TAG_1962  |7 0  |8 A  |9 296445  |a BIBTEO  |b BIBTEO  |d 2019-11-20  |i 3386686  |o 262.91 TAG 1962  |p 3386686  |r 2025-01-17  |w 2019-11-20  |y BK  |k ICR